| 000 | 00457cam a22001097a 4500 | ||
|---|---|---|---|
| 008 | 180718b1969 xxu||||| |||| 00| 0 eng d | ||
| 082 | _aA42x5461 C | ||
| 100 | _aDelhi Administration. Law and Judicial Department | ||
| 245 | _aThe Delhi code being a compilation of state acts extended to Delhi from time to time under the Delhi laws act, 1912 and the union territories (laws) act, 1950 | ||
| 260 |
_aDelhi _bThe Manager of Publications _c1969 |
||
| 300 | _a740+p. | ||
| 999 |
_c487974 _d487974 |
||